Malaysian vegetables in colour : a complete guide

Bibliographic Details
Main Author: CHIN (Hoong Fong)
Format: Book
Published: Kuala Lumpur : Tropical Press , 1999
Subjects:

MARC

LEADER 00000cam a2200000 7i4500
001 0000002047
005 20020914.0
020 0 0 |a 9677300989 
090 0 0 |a 635   |b CHI 1999 
100 1 0 |a CHIN   |h H. F.   |c (Hoong Fong) 
245 1 0 |a Malaysian vegetables in colour :   |b a complete guide   |c H. F. Chin; edited by Eileen E. M. Yap 
260 0 0 |a Kuala Lumpur :   |b Tropical Press ,   |c 1999 
300 |a 222 p. :   |b col. ill. ;   |c 26 cm. 
500 0 0 |a Includes bibliography : p. 219 and index 
650 0 0 |a Horticultural crops   |z Malaysia 
650 0 0 |a Vegetables   |z Malaysia 
998 |a JPSM 
999 |a 0000003438   |b Monograph   |c Open Shelf   |e Default branch